Statistics for F1 One-Race Wonders

Click here to take the quiz!

General Stats

  • This quiz has been taken 548 times
  • The average score is 9 of 22

Answer Stats

RaceWinnerNat% Correct
Spain 2012Pastor MaldonadoVEN
94%
Canada 2008Robert KubicaPOL
89%
Hungary 2008Heikki KovalainenFIN
83%
Monaco 2004Jarno TrulliITA
80%
Monaco 1996Olivier PanisFRA
78%
Canada 1995Jean AlesiFRA
71%
Japan 1989Alessandro NanniniITA
44%
Brazil 1975Jose Carlos PaceBRZ
41%
Belgium 1977Gunnar NilssonSWE
32%
Austria 1975Vittorio BrambillaITA
31%
USA 1971Francois CevertFRA
28%
Spain 1975Jochen MassFRG
28%
Holland 1959Jo BonnierSWE
27%
France 1951Luigi FagioliITA
27%
Italy 1971Peter GethinGBR
26%
Monaco 1972Jean-Pierre BeltoiseFRA
25%
Austria 1964Lorenzo BandiniITA
25%
Mexico 1965Richie GintherUSA
24%
France 1961Giancarlo BaghettiITA
24%
Argentina 1956Luigi MussoITA
24%
Switzerland 1952Piero TaruffiITA
21%
Italy 1966Ludovico ScarfiottiITA
20%

Score Distribution

Percentile by Number Answered

Percent of People with Each Score

Your Score History

You have not taken this quiz